00805cam a22002297 450000100060000000300080000600500170001400800410003103500190007204000320009104100080012308200210013110000370015224500980018925000180028726000330030530000210033865000530035994200120041299900170042495201340044122687BD-RjUL20211209000834.0140309s1954 ii 000 0 eng  a(BD-RjUL)22752 aDLCcDLCdDLCdBD-RjULbeng aeng04a954.01bCHS 19541 aChakladar, Haran Chandra.97000210aSocial life in ancient India :ba study in Vatsyayana's Kamasutra /cHaran Chandra Chakladar. a[2nd rev. ed. aCalcutta :bS. Gupta,c1954. a193 p. ;c19 cm.07a India -- Social life and customs. 970003 2ddccBK c22687d22687 00102ddc4072aRUCLbRUCLcReadingd1965-12-07eZeitlingerg15.50l0o954.01 CHS 1954r2014-03-09 00:00:00tC-1w2014-03-09yBK